000 01560cam a2200217 4500500
005 20260201051307.0
041 _afre
042 _adc
100 1 0 _aRoccati, Giovanni Matteo
_eauthor
245 0 0 _aJean Gerson’s Josephina and the Medieval Tradition of Biblical Narrative Poetry
260 _c2017.
500 _a3
520 _aThe Josephina, written by Jean Gerson at the beginning of the fifteenth century, is a Virgilian poem of biblical content. It was the first in a genre of which De partu Virginis by Jacopo Sannazzaro would be the most famous example. To understand Gerson’s motivation and originality, it is necessary to clarify the cultural context in which he wrote. This paper reviews the ancient and medieval traditions that might have inspired him: hagiographic and historical narrative poems of scriptural discussion written in hexameter, devotional literature with subject matter from the Bible or the Apocrypha that grew out of the Devotio moderna. Two works – Petrarch’s Africa and the Dictamen de laudibus beati Joseph by Pierre Poquet – seem to have been particularly significant. This demonstrates that Gerson was both rooted in that tradition and sensitive to the newer cultural demands of the times.
690 _ahagiography
690 _ahexameter
690 _ahumanism
690 _aPetrarch
690 _aVirgil
786 0 _nLe Moyen Age | Volume CXXII | 3 | 2017-07-07 | p. 627-641 | 0027-2841
856 4 1 _uhttps://shs.cairn.info/journal-le-moyen-age-2016-3-page-627?lang=en&redirect-ssocas=7080
999 _c1639465
_d1639465